| 000 | 00463nam a2200169Ia 4500 | ||
|---|---|---|---|
| 005 | 20250508163630.0 | ||
| 008 | 008 250505s9999 xx 000 0 eng d | ||
| 037 | _aTextual | ||
| 040 |
_aFEDL _beng _cFEDL |
||
| 041 |
_aeng _2eng |
||
| 084 |
_a294.56, CHI _qFEDL |
||
| 245 | 0 | _aEssential teacher | |
| 260 |
_aBombay, India _bCentral Chinmaya Mission Trust _c1998 |
||
| 300 | _a102p. | ||
| 942 |
_cTEXL _h294.56, CHI |
||
| 999 |
_c1384435 _d1384435 |
||